[Event "Challenge"]
[Site "http://www.queenalice.com/game.php?id=1055000"]
[Date "2012.5.1"]
[Round "-"]
[White "kalabric"]
[Black "Andromaca"]
[Result "1/2-1/2"]
[WhiteElo "1874"]
[BlackElo "1766"]

1. e4 e5 2. Nf3 d6 3. Nc3 Bg4 4. h3 Bxf3 5. Qxf3 Nc6 6. Bb5 Qd7 7. d3 a6 8. Bxc6
bxc6 9. O-O Nf6 10. Bg5 Be7 11. h4 h5 12. Rad1 d5 13. Bxf6 Bxf6 14. exd5 cxd5
15. Qxd5 c6 16. Qxd7+ Kxd7 17. Ne4 Bxh4 18. g3 Be7 19. d4 Ke6 20. dxe5 Kxe5 21.
Rfe1 f5 22. Nc5+ Kf6 23. Nd7+ Kf7 24. Ne5+ Kf6 25. Nxc6 Rhe8 26. Nd4 Bc5 27. c3
Rxe1+ 28. Rxe1 Bxd4 29. cxd4 g5 30. f4 Rb8 31. b3 gxf4 32. gxf4 h4 33. d5 Rd8
34. Re6+ Kf7 35. Rh6 Rxd5 36. Rxh4 Rd1+ 37. Kf2 Rd2+ 38. Ke3 Rxa2 39. Rh6 a5 40.
Ra6 Ra3 41. Kd4 Rxb3 42. Rxa5 Rb4+ 43. Ke5 Kg6 44. Ra6+ Kh5 45. Kxf5 Rb5+ 46.
Ke4 1/2-1/2

[Event "Challenge"]
[Site "http://www.queenalice.com/game.php?id=1056268"]
[Date "2012.5.5"]
[Round "-"]
[White "picapal"]
[Black "Andromaca"]
[Result "1-0"]
[WhiteElo "1835"]
[BlackElo "1784"]

1. e4 e5 2. Nf3 d6 3. d4 Bg4 4. d5 Nf6 5. Nc3 a6 6. h3 Bxf3 7. Qxf3 c6 8. Bg5
Be7 9. Bxf6 Bxf6 10. O-O-O b5 11. Bd3 b4 12. Na4 c5 13. b3 O-O 14. g4 Bg5+ 15.
Kb1 Bf4 16. h4 a5 17. h5 Nd7 18. Rdg1 Qg5 19. Qh3 h6 20. Nb2 Nb6 21. Nd1 a4 22.
Ne3 Bxe3 23. fxe3 axb3 24. cxb3 Ra3 25. Rc1 Nd7 26. Rhf1 Nb6 27. Rf5 Qe7 28. Rh1
Rfa8 29. Rh2 Rxa2 30. Rxa2 Rxa2 31. Kxa2 Qa7+ 32. Kb1 Qa3 33. Qf1 Qxb3+ 34. Kc1
Qc3+ 35. Kd1 Qa1+ 36. Ke2 Qb2+ 37. Kf3 Qc3 38. Kg3 f6 39. Rf2 b3 40. g5 hxg5 41.
h6 g6 42. Rxf6 Nd7 43. Rxd6 Qd2 44. Rxd7 Qxe3+ 45. Kg2 Qd2+ 46. Be2 Qf4 47. Qxf4
gxf4 48. Rb7 g5 49. d6 Kf8 50. Rb8+ Kf7 51. Bc4+ Kg6 52. d7 1-0

[Event "AGAIN ... THINK MORE"]
[Site "http://www.queenalice.com/game.php?id=1057701"]
[Date "2012.5.9"]
[Round "-"]
[White "Strogonoff"]
[Black "Andromaca"]
[Result "0-1"]
[WhiteElo "1869"]
[BlackElo "1760"]

1. e4 e5 2. Nf3 d6 3. d4 f6 4. Bc4 Nc6 5. d5 Na5 6. Bd3 Bg4 7. b4 Nc6 8. dxc6
bxc6 9. h3 Bxf3 10. Qxf3 Rb8 11. Bd2 d5 12. a3 d4 13. c3 c5 14. cxd4 cxd4 15.
Qh5+ g6 16. Qf3 Bd6 17. O-O c5 18. bxc5 Bxc5 19. Bb4 Bxb4 20. axb4 Rxb4 21. Rxa7
h5 22. Na3 Qb6 23. Ra8+ Ke7 24. Ra6 Qc5 25. Bc4 Qc8 26. Qc3 dxc3 0-1

[Event "Challenge"]
[Site "http://www.queenalice.com/game.php?id=1058091"]
[Date "2012.5.10"]
[Round "-"]
[White "leokhine"]
[Black "Andromaca"]
[Result "1-0"]
[WhiteElo "1757"]
[BlackElo "1777"]

1. e4 e5 2. Nf3 d6 3. Nc3 Nf6 4. Bc4 Bg4 5. d3 Nc6 6. h3 Bxf3 7. Qxf3 Nd4 8. Qd1
c5 9. Nd5 b5 10. Nxf6+ Qxf6 11. Bd5 Rb8 12. O-O b4 13. c3 Nb5 14. Qa4 Kd8 15.
Qa5+ Kc8 16. c4 Nc7 17. Qxa7 Nxd5 18. cxd5 g5 19. a4 Qe7 20. Qa6+ Qb7 21. Qxb7+
Rxb7 22. Bxg5 f6 23. Bxf6 Rg8 24. a5 Be7 25. Bxe7 Rxe7 26. a6 Ra7 27. Ra5 Kc7
28. f4 Kb6 29. Raa1 Rxa6 30. Rxa6+ Kxa6 31. fxe5 dxe5 32. Rf6+ Kb5 33. b3 Rg3
34. Rf3 Rg7 35. Kf2 Re7 36. Rf6 h5 37. Kf3 c4 38. dxc4+ Kc5 39. Ke3 Ra7 40. Rc6#
1-0

[Event "Challenge"]
[Site "http://www.queenalice.com/game.php?id=1059611"]
[Date "2012.5.14"]
[Round "-"]
[White "chapichapo"]
[Black "Andromaca"]
[Result "1-0"]
[WhiteElo "1717"]
[BlackElo "1780"]

1. e4 e5 2. Nf3 d6 3. d4 Bg4 4. dxe5 Bxf3 5. gxf3 dxe5 6. Qxd8+ Kxd8 7. Be3 Nc6
8. Bc4 f6 9. Be6 Bd6 10. Nc3 Nge7 11. Nd5 Nxd5 12. exd5 Nd4 13. Bxd4 exd4 14.
O-O-O Be5 15. h4 Ke7 16. Rhe1 c6 17. f4 Bxf4+ 18. Kb1 Be5 19. Bg4 h5 20. Bh3 c5
21. f4 Kd6 22. fxe5+ fxe5 23. Be6 Raf8 24. Rf1 Rf6 25. Rxf6 gxf6 26. Rf1 Rf8 27.
Rf5 e4 28. Kc1 e3 29. Rxh5 c4 30. Kd1 b5 31. Ke2 a5 32. Rh7 Kc5 33. Rc7+ Kb6 34.
Rc6+ Kb7 35. Rc8 Rxc8 36. Bxc8+ Kxc8 37. h5 b4 38. h6 a4 39. h7 c3 40. h8=Q+ Kd7
41. bxc3 dxc3 42. Qxf6 a3 43. Qb6 b3 44. Qxb3 1-0

[Event "Challenge"]
[Site "http://www.queenalice.com/game.php?id=1059613"]
[Date "2012.5.14"]
[Round "-"]
[White "favazza2007"]
[Black "Andromaca"]
[Result "1-0"]
[WhiteElo "1839"]
[BlackElo "1761"]

1. c4 e5 2. Nc3 Bb4 3. g3 Bxc3 4. bxc3 d5 5. cxd5 Qxd5 6. f3 e4 7. Qb3 Qxb3 8.
axb3 Bf5 9. Bh3 g6 10. Bxf5 gxf5 11. d3 Nf6 12. Bb2 e3 13. c4 Nbd7 14. Ra5 c5
15. Bxf6 Nxf6 16. Rxc5 Nd7 17. Rxf5 O-O 18. Nh3 b6 19. Nf4 Nc5 20. b4 Nb3 21.
Nd5 a5 22. bxa5 Rxa5 23. Nxe3 Rxf5 24. Nxf5 Ra8 25. Ne7+ Kf8 26. Kf2 Kxe7 27.
Rb1 Ra3 28. Ke1 Kd6 29. Kd1 Kc5 30. Kc2 Nd4+ 31. Kd1 b5 32. cxb5 Nxb5 33. Ke1
Nd4 34. Rb2 Rb3 35. Rxb3 Nxb3 36. Kf2 Nd2 37. h4 Kd5 38. e3 f5 39. Ke2 Nb3 40.
g4 fxg4 41. fxg4 Ke5 42. Kf2 Ke6 43. d4 Nd2 44. Ke2 Ne4 45. Kf3 Nd2+ 46. Kf4 Kd5
47. h5 h6 48. g5 hxg5+ 49. Kxg5 Ne4+ 50. Kg6 Ke6 51. h6 Nf6 52. h7 Nxh7 53. Kxh7
Kd5 54. Kg6 Ke4 55. Kg5 Kxe3 56. d5 1-0

[Event "Challenge"]
[Site "http://www.queenalice.com/game.php?id=1065452"]
[Date "2012.5.29"]
[Round "-"]
[White "Andromaca"]
[Black "plot24"]
[Result "0-1"]
[WhiteElo "1790"]
[BlackElo "1712"]

1. e4 e5 2. Nf3 Nc6 3. Bb5 a6 4. Bxc6 dxc6 5. Nxe5 Qd4 6. Nxf7 Qxe4+ 7. Qe2
Qxe2+ 8. Kxe2 Kxf7 9. d4 Bf5 10. Kd2 Bd6 11. h3 Ne7 12. g4 Bf4+ 13. Kd1 Be4 14.
Bxf4 Bxh1 15. Bxc7 Bg2 16. h4 Bf3+ 17. Kd2 Bxg4 18. Nc3 b5 19. Ne4 Rhe8 20. Nd6+
Kg8 21. Nxe8 Rxe8 22. Re1 Kf7 23. Be5 Ng6 24. Bg3 Nf8 25. Rxe8 Kxe8 26. Ke3 Ne6
27. f3 Bxf3 28. Kxf3 Nxd4+ 29. Ke4 Nxc2 30. Kf5 Kf7 31. Ke5 Nb4 32. Kd6 Nxa2 33.
Kxc6 Nb4+ 34. Kb6 Nd3 35. b3 b4 36. Kxa6 Nc1 37. Bd6 Nxb3 38. Bxb4 h5 39. Kb5
Nd4+ 40. Kc5 Nf3 41. Kd5 Nxh4 42. Be1 Nf5 43. Ke5 g6 44. Kf4 h4 45. Kg5 h3 46.
Bg3 Nxg3 47. Kg4 h2 48. Kxg3 h1=Q 0-1

[Event "Challenge"]
[Site "http://www.queenalice.com/game.php?id=1067289"]
[Date "2012.6.2"]
[Round "-"]
[White "betofortaleza"]
[Black "Andromaca"]
[Result "0-1"]
[WhiteElo "1883"]
[BlackElo "1748"]

1. e4 e5 2. Bc4 d6 3. Nf3 Bg4 4. h3 Bxf3 5. Qxf3 Nf6 6. Qb3 d5 7. Qxb7 Nbd7 8.
Bxd5 Nxd5 9. Qxd5 Bc5 10. d3 O-O 11. Bd2 a5 12. Nc3 Ra6 13. Qc4 Rf6 14. f3 Rc6
15. Qb5 Rg6 16. g4 c6 17. Qc4 Qh4+ 18. Kd1 Qf2 19. Ne2 Qxf3 20. Re1 Qxh3 21.
Bxa5 Qxg4 22. c3 Bf2 23. Rf1 Rf6 24. d4 Qxe4 25. Kd2 Be3+ 26. Ke1 Qh4+ 27. Ng3
Qxg3+ 28. Ke2 Rf2+ 29. Rxf2 Qxf2+ 30. Kd3 e4+ 0-1

[Event "Challenge"]
[Site "http://www.queenalice.com/game.php?id=1067290"]
[Date "2012.6.2"]
[Round "-"]
[White "Donyelko"]
[Black "Andromaca"]
[Result "1-0"]
[WhiteElo "1981"]
[BlackElo "1770"]

1. e4 e5 2. Nf3 d6 3. Bc4 Bg4 4. d3 Nf6 5. Bg5 Be7 6. h3 Bxf3 7. Qxf3 O-O 8. Nc3
c6 9. h4 b5 10. Bb3 a5 11. a3 a4 12. Ba2 Na6 13. h5 h6 14. Bxf6 Bxf6 15. Rh3 Nc7
16. Rg3 Ne6 17. Qg4 Bg5 18. Ne2 d5 19. Rf3 Kh8 20. Rxf7 Nf4 21. Rxf8+ Qxf8 22.
Nxf4 Bxf4 23. exd5 c5 24. f3 Ra6 25. Qd7 b4 26. Qb5 Ra8 27. axb4 cxb4 28. c4 a3
29. b3 Be3 30. Qc6 Bd4 31. Rc1 Rc8 32. Qe6 Bc3+ 33. Ke2 Re8 34. Qg6 Re7 35. Qe4
Qf4 36. Qxf4 exf4+ 37. Kf1 Re5 38. Rc2 Re1+ 39. Kf2 Rh1 40. d6 Rxh5 41. d7 Bd4+
42. Ke2 Bf6 43. d4 Ra5 44. c5 Bd8 45. Kd3 g5 46. Kc4 h5 47. Re2 Bf6 48. Re6 Ra7
49. Rxf6 Rxd7 50. Rh6+ Rh7 51. Rxh7+ Kxh7 52. c6 g4 53. c7 gxf3 54. gxf3 h4 55.
c8=Q Kh6 56. Qg4 h3 57. Qxh3+ Kg5 58. Qg4+ 1-0

[Event "Challenge"]
[Site "http://www.queenalice.com/game.php?id=1068233"]
[Date "2012.6.5"]
[Round "-"]
[White "passant"]
[Black "Andromaca"]
[Result "0-1"]
[WhiteElo "1881"]
[BlackElo "1770"]

1. d4 d5 2. c4 e6 3. e3 c5 4. Nf3 Nf6 5. b3 b6 6. Bb2 Nc6 7. Bd3 Bd6 8. Nbd2 O-O
9. Nf1 a6 10. Ng3 Bxg3 11. hxg3 b5 12. dxc5 b4 13. Qc2 g6 14. O-O-O a5 15. cxd5
exd5 16. e4 d4 17. Nxd4 Nxd4 18. Qc4 Nc6 19. e5 Nd5 20. Be4 Qg5+ 21. Kb1 Nde7
22. Qc3 bxc3 0-1

[Event "Let's Play Chess!"]
[Site "http://www.queenalice.com/game.php?id=1069865"]
[Date "2012.6.8"]
[Round "-"]
[White "Andromaca"]
[Black "Zorro64"]
[Result "0-1"]
[WhiteElo "1787"]
[BlackElo "2102"]

1. e4 c5 2. d4 cxd4 3. Qxd4 Nc6 4. Qe3 g6 5. Bd3 Bg7 6. c3 d5 7. exd5 Qxd5 8. c4
Qxg2 9. Nf3 Qxh1+ 10. Ke2 Bh6 11. Ng5 Bxg5 12. Qxg5 Nd4+ 13. Ke3 Qxc1+ 14. Nd2
Qxd2+ 15. Kxd2 Nf3+ 16. Kc3 Nxg5 17. h4 Ne6 18. b4 Nf6 19. Rf1 Nf4 20. Bc2 e5
21. a4 Be6 22. a5 O-O-O 23. b5 Rd7 24. b6 axb6 25. axb6 Rd4 26. Bb3 Ne4+ 27. Kb4
Nd3+ 28. Ka3 Bxc4 29. Bxc4 Rxc4 30. f3 Nd2 31. Rd1 Rc3+ 32. Ka4 Rd8 33. Kb5 Rd5+
34. Ka4 Ra3+ 35. Kxa3 Ra5# 0-1

[Event "Challenge"]
[Site "http://www.queenalice.com/game.php?id=1069904"]
[Date "2012.6.8"]
[Round "-"]
[White "Andromaca"]
[Black "Hourglass"]
[Result "0-1"]
[WhiteElo "1771"]
[BlackElo "2047"]

1. d4 d5 2. Nc3 e6 3. Nf3 Nf6 4. Bg5 c5 5. Ne5 Nbd7 6. Nxd7 Bxd7 7. e3 Be7 8.
Bxf6 Bxf6 9. Nb5 Be7 10. c3 a6 11. Na3 O-O 12. Bd3 c4 13. Bc2 b5 14. b4 a5 15.
O-O axb4 16. Nb1 bxc3 17. Nxc3 Ba3 18. f4 Bb2 19. Qh5 f5 20. Rac1 Bxc3 21. g4
Be8 22. Qg5 Qxg5 23. fxg5 Bd2 24. Rb1 Bxe3+ 25. Kg2 Rxa2 26. Kf3 Bxg5 27. Rf2
fxg4+ 28. Kg3 Rxf2 29. Kxf2 Rxc2+ 30. Kg3 h5 31. h4 Rc3+ 32. Kf2 Bxh4+ 33. Ke2
Rd3 34. Ra1 Rxd4 35. Ra8 Kf8 36. Ra6 c3 37. Rxe6 Re4+ 38. Rxe4 dxe4 0-1

[Event "Let's Play Chess!"]
[Site "http://www.queenalice.com/game.php?id=1075955"]
[Date "2012.6.25"]
[Round "-"]
[White "Andromaca"]
[Black "charles31"]
[Result "0-1"]
[WhiteElo "1810"]
[BlackElo "1790"]

1. d4 d5 2. Nc3 e6 3. e3 a6 4. Nf3 Nc6 5. Bd3 Bd6 6. O-O g5 7. e4 dxe4 8. Bxe4
Qd7 9. Bxg5 f6 10. Bxc6 Qxc6 11. Bh4 Bd7 12. Qd3 O-O-O 13. a3 Be8 14. Ne4 Bg6
15. g4 Be7 16. Nfd2 f5 17. Bxe7 fxe4 18. Qc4 Nxe7 19. Qxc6 Nxc6 20. c3 h5 21. f3
exf3 22. Rxf3 hxg4 23. Rf6 Bf5 24. Nf1 Rd7 25. Ng3 Nd8 26. Nxf5 exf5 27. Rxf5
Rg8 28. d5 g3 29. h3 Re7 30. c4 Re2 31. b4 Rh8 32. Raf1 Rxh3 33. Rg5 Re3 34. Kg2
Rh2+ 35. Kg1 Rxa3 36. c5 Rb3 37. d6 Rh8 38. dxc7 Kxc7 39. Rg7+ Kc6 40. Rf6+ Kd5
41. Rg5+ Kc4 42. Rg4+ Kb5 43. Rfg6 Nc6 44. Rxg3 Rxb4 45. R6g5 Nd4 46. R3g4 Rb1+
47. Kg2 Rd8 48. Re4 Rc1 49. Ree5 Rc8 50. Rg7 b6 51. c6+ Kxc6 52. Rg6+ Kb7 53.
Re7+ R8c7 54. Rxc7+ Rxc7 55. Rd6 Nc6 56. Kf3 a5 57. Ke4 a4 58. Rd5 Ka6 59. Ke3
b5 60. Kd2 b4 61. Kd3 a3 62. Kd2 a2 63. Ke2 a1=Q 64. Rd1 Re7+ 65. Kd2 Rd7+ 0-1

[Event "Let's Play Chess!"]
[Site "http://www.queenalice.com/game.php?id=1075957"]
[Date "2012.6.25"]
[Round "-"]
[White "Andromaca"]
[Black "charles31"]
[Result "1-0"]
[WhiteElo "1759"]
[BlackElo "1767"]

1. e4 e5 2. d4 exd4 3. Qxd4 Nc6 4. Qd1 a6 5. Bf4 Bc5 6. c3 d6 7. Nf3 Bg4 8. Be2
Bxf3 9. Bxf3 Qf6 10. Qd2 Ne5 11. Bxe5 Qxe5 12. O-O Ne7 13. b4 Ba7 14. Na3 h6 15.
Nc4 Qf6 16. Rae1 Nc6 17. Ne3 g5 18. Nd5 Qd8 19. Bh5 Ne7 20. e5 Kd7 21. Nf6+ Kc6
22. Re4 dxe5 23. Rc4+ Kb5 24. Qxd8 Raxd8 25. Rxc7 Kb6 26. Rxe7 Rd6 27. Rxf7 Bb8
28. Nd7+ Ka7 29. Nc5 Kb6 30. Rxb7+ Kc6 31. Bf3+ Rd5 32. Bxd5+ Kxd5 33. Rd1+ Kc4
34. Na4 Rc8 35. Nb6+ Kxc3 36. Nxc8 1-0

[Event "Challenge"]
[Site "http://www.queenalice.com/game.php?id=1075983"]
[Date "2012.6.25"]
[Round "-"]
[White "Greeley"]
[Black "Andromaca"]
[Result "1-0"]
[WhiteElo "2075"]
[BlackElo "1762"]

1. e4 e5 2. Nc3 Bb4 3. Nf3 Bxc3 4. bxc3 d6 5. d4 f6 6. Bc4 Bg4 7. O-O Ne7 8. h3
Bxf3 9. Qxf3 a6 10. dxe5 dxe5 11. Rd1 Nd7 12. Be6 Kf8 13. Rxd7 Qe8 14. Ba3 Rd8
15. Rad1 Rxd7 16. Rxd7 Qxd7 17. Bxd7 b6 18. Qf5 c5 19. Qe6 g5 20. Qxb6 Kg7 21.
Bxc5 Ng6 22. g3 h5 23. Qc7 Kh6 24. Bf5 h4 25. Qf7 Nf8 26. Bxf8+ Rxf8 27. Qg6#
1-0

[Event "Challenge"]
[Site "http://www.queenalice.com/game.php?id=1075984"]
[Date "2012.6.25"]
[Round "-"]
[White "Andromaca"]
[Black "Greeley"]
[Result "1-0"]
[WhiteElo "1775"]
[BlackElo "2046"]

1. e4 c5 2. e5 Nc6 3. Nf3 g6 4. c3 Bg7 5. d4 cxd4 6. cxd4 d6 7. Bf4 dxe5 8. Bxe5
Nxe5 9. dxe5 Qxd1+ 10. Kxd1 Bg4 11. Bb5+ Kd8 12. Re1 Kc7 13. Nd2 Rd8 14. Kc2
Bf5+ 15. Kd1 e6 16. Rc1+ Kb8 17. Ng5 Bh6 18. f4 Bxg5 19. fxg5 Ne7 20. Rc4 Bd3
21. Rb4 Bxb5 22. Rxb5 Nc6 23. Kc1 h6 24. h4 hxg5 25. g3 gxh4 26. g4 h3 27. Rh1
Rh4 28. g5 Nd4 29. Rb4 Ne2+ 30. Kd1 Rxb4 31. Kxe2 Rxb2 32. Rd1 h2 33. Ke3 Rdxd2
34. Rxd2 Rxd2 35. Kxd2 1-0

[Event "Challenge"]
[Site "http://www.queenalice.com/game.php?id=1075985"]
[Date "2012.6.25"]
[Round "-"]
[White "UKopra"]
[Black "Andromaca"]
[Result "0-1"]
[WhiteElo "1848"]
[BlackElo "1758"]

1. d4 d5 2. c4 Nf6 3. Nc3 c6 4. e3 Bf5 5. Nf3 Bg4 6. Be2 Bxf3 7. Bxf3 e6 8. Qe2
Bb4 9. O-O Bxc3 10. bxc3 O-O 11. e4 Re8 12. e5 Nfd7 13. Bh5 g6 14. Bg4 f5 15.
exf6 Nxf6 16. Bxe6+ Kg7 17. Qe3 Ne4 18. cxd5 cxd5 19. Qh6+ Kh8 20. f3 Nxc3 21.
Bf7 Re7 22. Bxg6 Qg8 23. Bg5 Re6 24. Bxh7 Rxh6 25. Bxg8 Rg6 26. Bxd5 Nxd5 27. h4
Nc6 28. Rfd1 Re8 29. Kf2 Ncb4 30. a3 Nc6 31. a4 Rge6 32. g4 Ncb4 33. a5 Re2+ 34.
Kg3 Ra2 35. Bd2 Rxa1 36. Rxa1 Re2 37. Bxb4 Nxb4 38. Ra4 Nd5 39. g5 Kg7 40. h5
Re1 41. a6 b6 42. Kg2 Nf4+ 43. Kf2 Re2+ 44. Kg3 Nxh5+ 45. Kg4 Kg6 46. f4 Rg2+
47. Kf3 Rg3+ 48. Kf2 Rh3 49. d5 Rd3 50. Re4 Rxd5 51. Ke3 Ra5 52. Re6+ Kf5 53.
Re5+ Rxe5+ 54. fxe5 Kxe5 55. g6 Ng7 56. Kf3 Kf6 0-1

[Event "Challenge"]
[Site "http://www.queenalice.com/game.php?id=1075986"]
[Date "2012.6.25"]
[Round "-"]
[White "Andromaca"]
[Black "UKopra"]
[Result "0-1"]
[WhiteElo "1793"]
[BlackElo "1749"]

1. e4 c5 2. d4 cxd4 3. Qxd4 Nc6 4. Qd1 Nf6 5. Nc3 d6 6. Bb5 Bd7 7. Bxc6 Bxc6 8.
f3 g6 9. Nh3 Qb6 10. Qd3 Bg7 11. b3 O-O 12. Be3 Qc7 13. g4 a6 14. Bd4 Rac8 15.
O-O-O b5 16. g5 Nd7 17. Nf4 e5 18. Nfd5 Qa5 19. Ne7+ Kh8 20. Nxc8 Rxc8 21. Be3
f5 22. Rhf1 f4 23. Bd2 Bf8 24. Kb1 b4 25. Nd5 Bb5 26. c4 bxc3 27. Qc2 Bxf1 28.
Bxc3 Qb5 29. a4 Qe2 30. Kb2 Qxf3 31. Re1 Bd3 32. Qd2 Bxe4 33. Nf6 Nxf6 34. gxf6
Rb8 35. Re2 Bd5 36. b4 Bc4 37. Rf2 Qd5 38. Qc2 Kg8 39. Rd2 Qe6 40. f7+ Kxf7 41.
a5 d5 42. Ka3 d4 43. Ba1 Bxb4+ 44. Ka4 Qc6# 0-1

[Event "Challenge"]
[Site "http://www.queenalice.com/game.php?id=1076230"]
[Date "2012.6.25"]
[Round "-"]
[White "Andromaca"]
[Black "kalabric"]
[Result "0-1"]
[WhiteElo "1770"]
[BlackElo "1870"]

1. e4 e5 2. d4 exd4 3. Qxd4 Nc6 4. Qd1 Bc5 5. Bc4 d6 6. Nf3 Nf6 7. Bg5 Bxf2+ 8.
Kxf2 Nxe4+ 9. Kg1 Nxg5 10. Qe2+ Ne6 11. Bb5 O-O 12. Bxc6 bxc6 13. Nc3 Qf6 14. g3
Re8 15. Rf1 a5 16. Nh4 Qd4+ 17. Rf2 c5 18. Nf3 Qb4 19. Nd5 Qxb2 20. Nxc7 Nxc7
21. Qd3 d5 22. c4 Qb7 23. Ng5 Re1+ 24. Rf1 Rxf1+ 25. Kxf1 g6 26. Qc2 d4 27. Rg1
a4 28. a3 Bf5 29. Qa2 Ne6 30. Nxe6 Bxe6 31. Rg2 Bh3 32. Qe2 Bxg2+ 33. Qxg2 Qxg2+
34. Kxg2 Re8 35. Kf3 d3 0-1

[Event "Challenge"]
[Site "http://www.queenalice.com/game.php?id=1079827"]
[Date "2012.7.6"]
[Round "-"]
[White "Andromaca"]
[Black "Andre_ssp"]
[Result "1-0"]
[WhiteElo "1802"]
[BlackElo "1593"]

1. d4 d6 2. d5 e6 3. Nc3 e5 4. e4 Na6 5. Bxa6 bxa6 6. Nf3 Be7 7. O-O Nf6 8. Bg5
h6 9. Bxf6 gxf6 10. Na4 Rg8 11. Nh4 Bh3 12. Qf3 Bg4 13. Qg3 f5 14. Nxf5 h5 15.
f3 h4 16. Qf2 Bh3 17. f4 exf4 18. Nh6 Rg6 19. Qxf4 Rxg2+ 20. Kh1 Rg7 21. Rg1
Rxg1+ 22. Rxg1 Kd7 23. Qxf7 Qe8 24. Qf3 Bf1 25. Qf5+ Kd8 26. Rg8 Bb5 27. Nf7#
1-0

[Event "Challenge"]
[Site "http://www.queenalice.com/game.php?id=1083618"]
[Date "2012.7.17"]
[Round "-"]
[White "Hourglass"]
[Black "Andromaca"]
[Result "1-0"]
[WhiteElo "2049"]
[BlackElo "1775"]

1. e4 e5 2. Nf3 d6 3. Bc4 h6 4. O-O Bg4 5. d3 Nf6 6. Be3 g5 7. Nbd2 Nc6 8. c3 a6
9. Qb3 d5 10. exd5 Bxf3 11. dxc6 Qd6 12. Bxf7+ Ke7 13. Nxf3 b6 14. Rad1 Rh7 15.
Bg6 Rg7 16. Bf5 Qxc6 17. Nxe5 Qb5 18. Qe6+ Kd8 19. Nc6+ Qxc6 20. Qxc6 Rb8 21.
Qxf6+ Ke8 22. Rfe1 Rf7 23. Bc5+ Re7 24. Rxe7+ Bxe7 25. Qxe7# 1-0

[Event "Challenge"]
[Site "http://www.queenalice.com/game.php?id=1093159"]
[Date "2012.8.14"]
[Round "-"]
[White "Hourglass"]
[Black "Andromaca"]
[Result "1-0"]
[WhiteElo "2045"]
[BlackElo "1778"]

1. e4 e5 2. Nf3 Nc6 3. d4 exd4 4. Nxd4 Nxd4 5. Qxd4 f6 6. Be2 d6 7. Nc3 c5 8.
Qc4 Qe7 9. O-O Bd7 10. Nd5 Qd8 11. Bf4 b5 12. Qc3 1-0